| 000 | 00716nam a22002057a 4500 | ||
|---|---|---|---|
| 999 |
_c9516 _d9516 |
||
| 003 | AR-CdUCM | ||
| 008 | 190328b ||||| |||| 00| 0 spa d | ||
| 040 |
_aMUNICIPALIDAD PROVINCIAL DEL CUSCO _cBIBLIOTECA MUNICIPAL DEL CUSCO |
||
| 082 |
_a869.58 / _bG71 |
||
| 100 |
_aGonzales Viaña, Eduardo _913841 |
||
| 245 | _aLos peces muertos / | ||
| 260 |
_aTrujillo : _bLa Casa de la Poesía, _c1964. |
||
| 300 |
_a92 paginas ; _c17 cm. |
||
| 500 | _aDonación familia Nieto. | ||
| 505 | _aContenido :Los peces muertos -- El sacrilegio -- Cerro pinto -- Que no lo sepan ellos -- La casa blanca de al lado ... | ||
| 650 |
_aLiteratura peruana _9169 |
||
| 650 |
_aPoesías _92272 |
||
| 942 |
_2ddc _cLIBROS |
||
| 945 | _arum | ||